000 00560nam a2200193 a 4500
005 20220607063620.0
008 131210s2005 mx r 000 0 spa d
020 _a9789681906030
035 _aUPN01000194688
049 _aCG
050 4 _aPQ6657 I8.2
_bA7.5
100 1 _aGisbert, Joan Manuel,
_d1949-
_932067
245 1 4 _aLos armarios negros /
_cJoan Manuel Gisbert.
260 _aMéxico :
_bAlfaguara,
_c2005.
300 _a184 p.
650 0 _aLiteratura juvenil española
_912359
650 2 _aNovela policiaca y de misterio
_98409
905 _aLibro
999 _c166789
_d166789